000 00995nam a22002537a 4500
005 20170124103017.0
010 _aA-576421
020 _c30.00
_a8170071313
035 _aA-576421
037 _bCen Lib/Ret
040 _aDPL
_bHN
082 _a
_bदर्शक
100 _aदर्शक
_96954
245 _aसंघर्षो के बीच /
_cदर्शक
246 _aSangharsh ke beech /
_bby Darshak
260 _aनई दिल्ली
_bपीपुल्स पब्लिशिंग हाउस
_c1991
270 _bनई दिल्ली
_a5 ई, रानी झाँसी रोड
_e110055
300 _a139पृ.
_c21मी(सजिल्द)
650 _aहिन्दी साहित्य
_959257
650 _aहिन्दी साहित्य -- उपन्यास
_946379
650 _aHindi literature
_959258
650 _aHindi literature -- Fiction
_959259
942 _2ddc
_cHN
_h
_mदर्शक
999 _c114973
_d114973